logo

Bir Sreshtho Munshi Abdur Rouf Library
Jhenaidah Cadet College

Military Geography / (Record no. 4697)

MARC details
000 -LEADER
fixed length control field 00607nam a2200229 a 4500
001 - CONTROL NUMBER
JCCL Control Number 4697
003 - CONTROL NUMBER IDENTIFIER
JCCL marc code BD-JhCC
005 - DATE AND TIME OF LATEST TRANSACTION
control field 20171203085647.0
008 - FIXED-LENGTH DATA ELEMENTS--GENERAL INFORMATION
fixed length control field 171130s1966 e |||| ||b| 001 0 eng d
035 ## - SYSTEM CONTROL NUMBER
system control number (BD-JhCC)4697
040 ## - CATALOGING SOURCE
Original cataloging agency BD-JhCC
Modifying agency BD-JhCC
041 ## - LANGUAGE CODE
Language code of Book eng
082 ## - DEWEY DECIMAL CLASSIFICATION NUMBER
Classification number 355.47
Author mark and Year PEL 1966
100 ## - MAIN ENTRY--PERSONAL NAME
Personal name Peltier, Louis C.
245 ## - TITLE STATEMENT
Title Military Geography /
Statement of responsibility, etc Louis C. Peltier; G. Etzel Pearcy
260 ## - PUBLICATION, DISTRIBUTION, ETC. (IMPRINT)
Place of publication, distribution, etc New Jersey :
Name of publisher, distributor, etc D. Van Nostrand Company,
Date of publication, distribution, etc 1966.
300 ## - PHYSICAL DESCRIPTION
Pagination 176 p. :
Dimensions 20 cm.
650 ## - SUBJECT ADDED ENTRY--TOPICAL TERM
Topical term or geographic name as entry element Military Geography
700 ## - ADDED ENTRY--PERSONAL NAME
Personal name Pearcy, G. Etzel
942 ## - ADDED ENTRY ELEMENTS (KOHA)
Source of classification or shelving scheme Dewey Decimal Classification
Koha item type Books
Holdings
Source of classification or shelving scheme Damaged status Not for loan Home library Current library Shelving location Date of accession Total Checkouts Full call number Barcode Date last seen Copy number Koha item type
Dewey Decimal Classification     JCC Rouf Library JCC Rouf Library General Stacks 11/30/2017   355.47 PEL 1966 6670 11/30/2017 C- 1 Books

JCC Library | Contacts | JCC Home

Last Update on 23 September 2017
Copyright @ 2017-2020 JCC Rouf Library
Rouf Library, Jhenidah Cadet College (JCC), Bangladesh